El mundo desigual /

Guardado en:
Autor Corporativo: TVE.
Formato: Deslizar
Publicado: España, 2006.
Series:Capítulo 4 - Voces Contra la Globalización
Materias:
Etiquetas: Agregar Etiqueta
Sin Etiquetas, Sea el primero en etiquetar este registro!
LEADER 01023ngm a22002895g 4500
001 CEM.cems023002
008 130507s2006##################0###0#####d
005 20241202133641.0
245 1 0 |a El mundo desigual /  |c TVE. 
260 |a España,  |c 2006. 
300 |a 45'. 
490 0 |a Capítulo 4 - Voces Contra la Globalización 
500 |a Consultar en ventanilla. 
590 |a Identificación SIABUC: DVD Nº 32 
505 0 |a La situación de pobreza en relación al consumo en el mundo. Las áreas de miseria en los países desarrollados. Las pandemias. El comportamiento de las multinacionales farmacéuticas en los países pobres. 
538 |a Soporte: DVD - Color: Si - Grabación DRD 
110 2 |a TVE. 
082 3 2 |/ GLO 
653 |a DESIGUALDAD 
653 |a POBREZA 
653 |a SALUD 
653 |a MISERIA 
653 |a SERIE DE TELEVISIÓN 
653 |a DOCUMENTAL 
653 |a NIVEL PRIMARIO 
653 |a NIVEL SECUNDARIO 
859 |a CEMS  |b BIB. CEMS - Depto. Recursos Didacticos  |h 320  |i GLO  |k DRD  |p 1645.12  |t Ej.1